Cultura y Patrimonio : (Record no. 22225)

000 -CABECERA
fixed length control field 01403nam a22002777a 4500
003 - IDENTIFICADOR DEL NÚMERO DE CONTROL
control field AR-CdUCM
008 - DATOS DE LONGITUD FIJA--INFORMACIÓN GENERAL
fixed length control field 190425b ||||| |||| 00| 0 spa d
040 ## - FUENTE DE LA CATALOGACIÓN
Agencia/entidad que catalogó originalmente la obra MUNICIPALIDAD PROVINCIAL DEL CUSCO
Entidad que transcribió la catalogación BIBLIOTECA MUNICIPAL DEL CUSCO
082 ## - NÚMERO DE LA CLASIFICACIÓN DECIMAL DEWEY
No. de Clasificación Cultura/N°1/1999
245 ## - MENCIÓN DE TÍTULO
Título Cultura y Patrimonio :
Resto del título órgano del comité cívico de Defensa del Patrimonio Cultural del Cusco /
260 ## - PUBLICACIÓN, DISTRIBUCIÓN, ETC.
Lugar de publicación, distribución, etc. Cusco.
Nombre de la editorial, distribuidor, etc. Pantigozo,
Fecha de publicación, distribución, etc. 1999.
300 ## - DESCRIPCIÓN FÍSICA
Nº de Páginas Extensión 23 páginas. :
Otros detalles físicos ilustraciones ;
Dimensiones 29 cm.
440 ## - MENCIÓN DE SERIE/PUNTO DE ACCESO ADICIONAL--TÍTULO
Título Cultura y Patrimonio.
Número de la parte/sección de una obra N°1, agosto 1999.
9 (RLIN) 47679
505 ## - NOTA DE CONTENIDO CON FORMATO
Nota de contenido formateada Contenido: Desarrollo urbano, patrimonio cultural y turismo. -- Recuperemos Sacsayhuaman para los cusqueños del futuro. -- La cultura patrimonial en el poblador urbano del Cusco. -- Los enigmas de Machupicchu. -- Nuevo fracaso de la educación bilingüe intercultural. -- Chinchaypucyo valle sagrado de los Inkas Yupac Yupanquiy Wayna Qapaq. -- Construcciones atípicas en el centro histórico.
650 ## - PUNTO DE ACCESO ADICIONAL DE MATERIA--TÉRMINO DE MATERIA
Descriptor Sociedad cusqueña
9 (RLIN) 47493
650 ## - PUNTO DE ACCESO ADICIONAL DE MATERIA--TÉRMINO DE MATERIA
Descriptor Barrios populares
9 (RLIN) 47677
650 ## - PUNTO DE ACCESO ADICIONAL DE MATERIA--TÉRMINO DE MATERIA
Descriptor Centro Histórico Cusco
9 (RLIN) 46767
700 ## - PUNTO DE ACCESO ADICIONAL--NOMBRE DE PERSONA
Nombre Personal Villegas Ormachea, Américo
9 (RLIN) 31050
700 ## - PUNTO DE ACCESO ADICIONAL--NOMBRE DE PERSONA
Nombre Personal Gutiérrez Samanez, José Carlos
9 (RLIN) 46831
700 ## - PUNTO DE ACCESO ADICIONAL--NOMBRE DE PERSONA
Nombre Personal Calvo Calvo, Rossano
9 (RLIN) 44156
700 ## - PUNTO DE ACCESO ADICIONAL--NOMBRE DE PERSONA
Nombre Personal Rosas Paravicino, Enrique
9 (RLIN) 417
700 ## - PUNTO DE ACCESO ADICIONAL--NOMBRE DE PERSONA
Nombre Personal Pacheco Farfán, Juvenal
9 (RLIN) 47680
700 ## - PUNTO DE ACCESO ADICIONAL--NOMBRE DE PERSONA
Nombre Personal Amado Gonzáles, Donato
9 (RLIN) 45219
942 ## - ELEMENTOS DE PUNTO DE ACCESO ADICIONAL (KOHA)
Fuente de clasificación
Tipo de item Revistas cusqueñas
945 ## - PROCESAMIENTO DE INFORMACIÓN LOCAL (OCLC)
Catalogador rac
Holdings
Estado de retiro (separado) Fuente de clasificación o esquema de estanterías Estado dañado Ubicación Sala donde se ubica Nombre de la colección Fecha de adquisición o compra Costo, precio normal en soles Signatura topográfica Código de Barras Última vez visto (Koha) Tipo de ítem (Koha)
No     Sala Hemeroteca Sala Hemeroteca Book Cart 2022-03-28 5.00 Cultura/N°1/1999 REVC000848 2022-03-28 Revistas cusqueñas

Powered by Koha